Crónica provincial : Berga / por Sam Berga / por Sam
Publicado:
San Jorge, núm. 89 (1r trimestre 1973), pàg 50 :
MARC
| LEADER | 00000nam a2200000Ia 4500 | ||
|---|---|---|---|
| 001 | |||
| 008 | 160829s9999 xx 000 0 cat d | ||
| 100 | |a Sam |9 21611 | ||
| 245 | |a Crónica provincial : |b Berga / por Sam | ||
| 260 | |a San Jorge, núm. 89 (1r trimestre 1973), pàg 50 | ||
| 650 | |a Berga |x Vida social i costums |9 41904 | ||
| 650 | |a Berga (Catalunya) |x Història |x 1936-1939, Guerra Civil |9 44672 | ||
| 650 | 0 | |a Aigua |x Abastament |z Berga (Catalunya) |9 41908 | |
| 650 | 0 | |a Habitatge |x Subvencions |9 40198 | |
| 901 | |a Arxiu | ||
| 942 | |n 1 | ||
| 952 | |0 0 |1 0 |4 0 |7 1 |9 50543 |a Arxiu |b Arxiu |d 2016-12-01 |l 0 |r 2016-12-01 00:00:00 |w 2016-12-01 |y ARXIU | ||
| 999 | |c 54385 |d 54385 | ||